00703 2200241 4500001002100000005001500021035002000036007000300056008004100059020001800100082000800118084001400126100001800140245013200158250001000290260004300300300003100343650001800374700002300392700002200415990001200437990001200449INLIS00000000000168920180307032500 a0010-0318000032ta180307 g 0 ind  a9786024283193 a612 a612 ABE o0 aABE, Kazuhiro1 aOh, Manusia ... Tubuh Manusia Penuh dengan Keajaiban! /cAbe Kazuhiro; alih bahasa, Martina Rosmawati; editor, Karyna Pramesthi acet.1 a[s.n] :bGramedia Pustaka Utama,c2017 a48 hlm. :bilus. ;c24 cm. aTUBUH MANUSIA0 aMARTINA, Rosmawati0 aKARYNA, Pramesthi a16467 a a16467 b